000 04781cam a22013334i 4500
003 PE-LiUPU
005 20250813185345.0
008 150617s1973 ag rb 000 0 spa d
035 _a(Sirsi) a17320
040 _aPE-LiUPU
_bspa
_cPE-LiUPU
_dPE-LiUPU
_erda
049 _aPRUA
082 0 4 _a370.15
_bA26
_221
100 1 _aAebli, Hans,
_eautor.
245 1 4 _aUna didáctica fundada en la psicología de Jean Piaget /
_cHans Aebli.
264 1 _aBuenos Aires :
_bKapelusz,
_c1973.
300 _a208 páginas ;
_c20 centímetros.
336 _atext
_2rdacontent
337 _aunmediated
_2rdamedia
338 _avolume
_2rdacarrier
490 0 _aBiblioteca de Cultura Pedagógica ;
_v54
504 _aIncluye bibliografía.
505 0 _aLa didáctica tradicional y su fundamento psicológico -- La didáctica de la escuela activa -- La imagen y la operación -- El hábito y la operación -- La investigación, el problema y la construcción de la operación -- La asimilación -- La construcción de las operaciones mediante la investigación por el alumno -- El problema como proyecto de acción -- Algunas notas sobre la investigación por el alumno en la enseñanza de ciencias naturales, geografía, historia e idioma nacional -- La cooperación e los alumnos y el "ejercicio operatorio" -- Experimento didáctico sobre la introducción del cálculo del perímetro y de la superficie del rectángulo: las ideas directrices -- Las elecciones organizadas según los principios de una didáctica activa.
526 _aP202
526 _aP201
526 _aP163
526 _aP162
526 _aP161
526 _aP160
526 _aP148
526 _aP147
526 _aP146
526 _aP145
526 _aP144
526 _aP143
526 _aP142
526 _aP141
526 _aP140
526 _aP139
526 _aP138
526 _aP137
526 _aP136
526 _aP135
526 _aP134
526 _aP133
526 _aP129
526 _aP128
526 _aP127
526 _aP120
526 _aP119
526 _aP118
526 _aP116
526 _aP115
526 _aP114
526 _aP110
526 _aP109
526 _aP108
526 _aP104
526 _aP103
526 _aP102
526 _aP99
526 _aP98
526 _aP97
526 _aP96
526 _aP95
526 _aP93
526 _aP90
526 _aP89
526 _aP88
526 _aP83
526 _aP82
526 _aP62
526 _aP59
526 _aP58
526 _aP57
526 _aP51
526 _aP49
526 _aP48
526 _aP47
526 _aP29
526 _aP24
526 _aP20
526 _aP19
526 _aP17
526 _aP15
526 _aP14
526 _aP12
526 _aP10
526 _aP09
526 _aP08
526 _aP07
526 _aP06
526 _aP05
526 _aP04
526 _aP01
600 1 _aPiaget, Jean,
_d1896-1980.
650 1 4 _aEnseñanza.
650 2 4 _aPsicología pedagógica.
910 _ajck
_bjvq
_cjck
_d20150616
942 _2ddc
_cBOOK
949 _a370.15 A26
_wDEWEY
_c1
_i20740
_lCCODEBUL1
_mBUL
_p25.00
_r0
_sY
_tBOOK
_u19780808
_xEDUCACION
_zUNKNOWN
_0COMPRA
_o.STAFF. Colección Ciencias Humanas y Educación
949 _a370.15 A26
_wDEWEY
_c2
_i15893
_lCCODEBUL1
_mBUL
_p25.00
_r0
_sY
_tBOOK
_u19780808
_xEDUCACION
_zUNKNOWN
_0COMPRA
_o.STAFF. Colección General
949 _a370.15 A26
_wDEWEY
_c3
_i16563
_lCCODEBUL1
_mBUL
_p25.00
_r0
_sY
_tBOOK
_u19780808
_xEDUCACION
_zUNKNOWN
_0COMPRA
_o.STAFF. Colección General
949 _a370.15 A26
_wDEWEY
_c4
_i07797
_lCCODEBUL1
_mBUL
_p25.00
_r0
_sY
_tBOOK
_u19780808
_xEDUCACION
_zUNKNOWN
_0COMPRA
_o.STAFF. Colección Ciencias Humanas y Educación
994 _aC0
_bPEPRU
596 _a1
999 _a370.15 A26
_wDEWEY
_c16888
_i20740
_d16888
_e2018-3-27
_f2019-12-11
_g4
_lDISCARD
_mBUL
_n1
_p25.00
_r1
_sY
_tBOOK
_u2015-6-17
_xUNKNOWN
_zUNKNOWN
_0COMPRA
_o.STAFF. Colección Ciencias Humanas y Educación
999 _a370.15 A26
_wDEWEY
_c2
_i15893
_f2019-12-10
_g4
_lDISCARD
_mBUL
_r0
_sY
_tBOOK
_u2015-6-17
_xEDUCACION
_zUNKNOWN
_0COMPRA
_o.STAFF. Colección General
999 _a370.15 A26
_wDEWEY
_c3
_i16563
_d2015-10-29
_e2015-10-28
_f2019-12-10
_g4
_lDISCARD
_mBUL
_n2
_r0
_sY
_tBOOK
_u2015-6-17
_xEDUCACION
_zUNKNOWN
_0COMPRA
_o.STAFF. Colección General
999 _a370.15 A26
_wDEWEY
_c4
_i07797
_d2019-8-29
_e2019-8-20
_f2021-11-8
_g5
_lCCODEBUL1
_mBUL
_n3
_p25.00
_r0
_sY
_tBOOK
_u2015-6-17
_xEDUCACION
_zUNKNOWN
_0COMPRA
_o.STAFF. Colección Ciencias Humanas y Educación
980 _81
_gALBERTO SANCHEZ Responsable de Automatización